书目信息 |
| 题名: |
冷言热语
|
|
| 作者: | 赵昂 著 | |
| 分册: | ||
| 出版信息: | 上海 上海人民出版社 1998.12 |
|
| 页数: | 161页 | |
| 开本: | 32开 | |
| 丛书名: | ||
| 单 册: | ||
| 中图分类: | I267.1 | |
| 科图分类: | ||
| 主题词: | 散文--中国 , 散文--作品综合集--中国 | |
| 电子资源: | ||
| ISBN: | 7-208-02859-1 | |
| 000 | 00553nam0 2200205 45 | |
| 001 | 0103081566 | |
| 005 | 20010308154538.1 | |
| 010 | @a7-208-02859-1@d9.00元 | |
| 100 | @a20010308d1998 km y0chiy0120 ea | |
| 101 | 0 | @achi |
| 105 | @a z 000yy | |
| 200 | 1 | @a冷言热语@ALeng Yan Re Yu@f赵昂著@FZhao Ang Zhu |
| 210 | @a上海@c上海人民出版社@d1998.12 | |
| 215 | @a161页@d32开 | |
| 606 | 0 | @a散文@x中国 |
| 606 | 0 | @a散文@x作品综合集@x中国 |
| 690 | @aI267.1@v3 | |
| 701 | 0 | @a赵昂@4著 |
| 801 | @aCN@bPftUser@c20010308 | |
| 905 | @b327678@dI267.1@eZH.234@f1 | |
| 冷言热语/赵昂著.-上海:上海人民出版社,1998.12 |
| 161页;32开 |
| ISBN 7-208-02859-1:9.00元 |
| ● |
| 相关链接 |
|
|
|
正题名:冷言热语
索取号:I267.1/ZH.234
 
预约/预借
| 序号 | 登录号 | 条形码 | 馆藏地/架位号 | 状态 | 备注 |
| 1 | 327678 | 203276784 | 社科二线400B/400B社科库 27排1列6层/ [索取号:I267.1/ZH.234] | 在馆 |